Harry Potter: le Chaudron Baveur - Statistiques

Statistiques générales
  • Ce quiz a été pris 44 fois
  • Le résultat moyen est 8 sur 14
Statistiques - réponses
Information Réponses % Correct
Nation Angleterre
95%
Première apparition Harry Potter à l'école des sorciers
95%
Pays Royaume-Uni
95%
Dernière apparition Harry Potter et les Reliques de la Mort
92%
Fonction Auberge
87%
Emplacement (coté sorciers) Chemin de traverse
87%
Propriétaire Tom
82%
Résident Tom
82%
Résident Harry Potter
71%
Propriétaire Hannah Abbot
16%
Résidente Hannah Abbot
16%
Résident Neville Londubat
16%
Emplacement (coté moldus) Charing Cross Road
8%
Propriétaire Daisy Dodderidge
8%
Aucun quiz correspondant
Distribution des résultats
% des personnes avec chaque résultat
Percentile par nombre de réponses
Votre historique - résultats
Vous n’avez pas pris ce quiz